Responses for Show #1975 - Friday, March 19, 1993

Debby Arnold game 5.
An uncorrected scoring error introduced at clue 14 of the Jeopardy! Round leaves Debby with $100 more than she should have had before Final Jeopardy!

Contestants

[<< previous game]

Mary Maher, a L.A. area housing authority manager originally from Houston, Texas

Ed Kavazanjian, a civil engineer originally from Long Beach, New York

Debby Arnold, a registered nurse from Atlanta, Georgia (whose 4-day cash winnings total $43,103)

[next game >>]

Jeopardy! Round responses

1942
SNOOPY
AIRPORTS
TENNESSEE
PARTY TIME!
STARTS WITH 2 VOWELS
    $100 25
Yankee Doodle Dandy

Mary
    $100 15
Charlie Brown

Debby
    $100 8
O'Hare

Debby
    $100 16
coal

Debby
    $100 3
(Ed: What is--who is Bacchus?)

wine

DebbyEd
    $100 1
an oasis

Debby
    $200 26
(Alex: Yes, how times have changed.)

Rodin

Debby
    $200 22
the Red Baron

Mary
    $200 9
LAX

Ed
    $200 17
Chattanooga

Mary
    $200 4
Oktoberfest

Mary
    $200 2
eight

Triple Stumper
    $300 27
Nevada

Mary
    $300 23
Knott's Berry Farm

Debby
    $300 10
(Ed: What is JFK?)
(Debby: What is Idlewild?)

La Guardia

DebbyEd
Triple Stumper
    $300 18
the Tennessee Valley Authority (TVA)

Ed
    $300 5
a banquet

Triple Stumper
    $300 12
eavesdrop

Debby
    $400 28
the Women's Army Corps (the WACS)

Ed
    $400 24
Woodstock

Debby
    $400 11
[Debby said both names.]

Roosevelt (FDR)

Debby
    $400 20
"A Boy Named Sue"

Ed
    $400 6
fiesta

Mary
    $400 13
the Eurythmics

Ed
    $800 29
(Ed: Who is Olof Palme?)

Vidkun Quisling

Ed
    $500 30
Joe Cool

Mary
    $500 19
Charles Yeager

Ed
    $500 21
Great Smoky

Debby
    $500 7
a jamboree

Mary
    $600 14
[Prior to this clue, Debby's score went from $700 to $800, and was at $1,300 after this clue, instead of $1,200, with no justification. The scoring error was never corrected.]

Auckland

Debby

Scores at the first commercial break (after clue 15):

Debby Ed Mary
$1,400 $200 $1,100

Scores at the end of the Jeopardy! Round:

Debby Ed Mary
$2,900 $1,000 $2,400

Double Jeopardy! Round responses

BLACK AMERICA
OFFICE MACHINES
WORLD FACTS
GEOLOGY
WOMEN WRITERS
THE MAGNA CARTA
    $200 9
Ethan Allen

Mary
    $200 21
IBM

Mary
    $200 5
oil

Ed
    $200 1
a crater

Ed
    $200 10
Helen Gurley Brown

Ed
    $200 26
the British Museum

Debby
    $400 13
Victoria

Debby
    $400 22
a shredder

Ed
    $400 7
Siberia

Ed
    $400 2
lead

Ed
    $400 12
Danielle Steel

Triple Stumper
    $400 27
taxation

Ed
    $600 14
George Washington Carver

Debby
    $600 23
a stapler

Mary
    $600 8
vanilla

Debby
    $600 3
igneous

Ed
    $600 15
Agatha Christie

Ed
    $600 28
(Mary: What is Parliament?)

the clergy

Mary
Triple Stumper
    $600 16
Detroit

Ed
    $800 24
(Alex: We've got about a minute left in the round.)

Alexander Graham Bell

Mary
    $800 11
the Amstel

Debby
    $800 4
an ice age

Debby
    $800 19
(Ed: Who is Louisa May Alcott?)

Charlotte Bronte

EdMary
    $1,200 29
[The end-of-round signal sounds.]

Latin

Ed
    $1000 18
(Debby: Who is Judith Anderson?)

Marian Anderson

DebbyMary
    $1000 25
the abacus

Mary
    $1000 17
(Ed: What is Chile?)

Panama

Ed
Triple Stumper
    $1000 6
seamounts

Ed
    $1000 20
Isak Dinesen

Debby

Scores at the end of the Double Jeopardy! Round:

Debby Ed Mary
$6,300 $5,400 $6,400

[wagering suggestions for these scores]

Final Jeopardy! Round responses

MUSEUMS
(Alex: [To Ed] The Smithsonian Institution is a vast organization and that is an incorrect response.)
...
(Alex: [*] is part of the Smithsonian, it is in Washington, Michael Collins, of course, is a famous astronaut...)
[Due to a scoring error at clue 14 of the Jeopardy! Round, Debby had $6,300 to wager during Final Jeopardy! and finished with $1.]
EdWhat is the Smithsonian
$5,000
DebbyWhat is the British Museum?
$6,299
MaryWhat is the Air & Space Museum?
$6,201
The (National) Air & Space Museum

Final scores:

Debby Ed Mary
$1 $400 $12,601
3rd place: set of reference books + Wheel of Fortune & Jeopardy! for the Super Nintendo Entertainment System & Sega Genesis 2nd place: a trip on TWA to Las Vegas with stay at the Flamingo Hilton New champion: $12,601

Game dynamics:

Coryat scores:

Debby Ed Mary
$6,300 $6,000 $6,400
19 R,
2 W
18 R
(including 2 DDs),
5 W
(including 1 DD)
15 R,
1 W

Combined Coryat: $18,700

[game clues] [game scores] [suggest correction]

Game tape date: 1992-11-18
The J! Archive is created by fans, for fans. Scraping, republication, monetization, and malicious use prohibited; this site may use cookies and collect identifying information. See terms. The Jeopardy! game show and all elements thereof, including but not limited to copyright and trademark thereto, are the property of Jeopardy Productions, Inc. and are protected under law. This website is not affiliated with, sponsored by, or operated by Jeopardy Productions, Inc. Join the discussion at JBoard.tv.